MARC

LEADER 00000nlm0a2200000 4500
001 666828
005 20231102030855.0
035 |a (RuTPU)RU\TPU\network\38032 
035 |a RU\TPU\network\38030 
090 |a 666828 
100 |a 20220128d2019 m y0rusy50 ca 
101 0 |a rus 
102 |a RU 
105 |a a j 000zy 
135 |a jrcn ---uucaa 
181 0 |a i  
182 0 |a b 
200 1 |a Физика 2.4  |e электронный курс  |f Е. П. Теслева  |g Национальный исследовательский Томский политехнический университет, Юргинский технологический институт (филиал), Отделение техносферной безопасности 
203 |a Текст  |c электронный 
210 |a Томск  |c TPU Moodle  |d 2019 
230 |a Электрон. дан. 
300 |a Заглавие с экрана 
327 0 |a В курсе «Физика 2.4» рассматриваются следующие вопросы общей физики: Модуль 1. Магнетизм, Модуль 2. Колебания и волны, Модуль 3. Оптика. Квантовая физика, Модуль 4. Элементы физики атома и атомного ядра. Особое внимание уделяется рассмотрению физического смысла и содержания основных понятий и законов общей физики. 
333 |a Доступ по логину и паролю 
606 1 |a Физика  |2 stltpush  |3 (RuTPU)RU\TPU\subj\63709  |9 80688 
610 1 |a электронный ресурс 
610 1 |a труды учёных ТПУ 
610 1 |a электронное обучение 
610 1 |a электронные курсы ТПУ 
610 1 |a электронные учебные пособия 
610 1 |a учебные пособия 
610 1 |a электронные образовательные ресурсы 
610 1 |a магнетизм 
610 1 |a колебания 
610 1 |a волны 
610 1 |a оптика 
610 1 |a квантовая физика 
675 |a 53(075.8)  |v 3 
700 1 |a Теслева  |b Е. П.  |c физик  |c доцент Юргинского технологического института (филиала) Томского политехнического университета, кандидат физико-математических наук  |f 1976-  |g Елена Павловна  |2 stltpush  |3 (RuTPU)RU\TPU\pers\25111  |9 11214 
712 0 2 |a Национальный исследовательский Томский политехнический университет  |b Юргинский технологический институт (филиал)  |b Отделение техносферной безопасности  |h 8377  |2 stltpush  |3 (RuTPU)RU\TPU\col\24897 
801 2 |a RU  |b 63413507  |c 20220627  |g RCR 
856 4 |u https://design.lms.tpu.ru/course/view.php?id=2642 
942 |c CF